• 首页
  • 本馆介绍
  • 公告通知
  • 最新文献
  • 馆藏检索
  • 电子资源
  • 读者导购
  • 参考咨询
  • 我的图书馆
  • 登录
  • 详细信息显示
  • 放入我的书架
  • 预约/预借图书
  • 作者相关作品
  • 分类相关作品
  • 丛书相关作品
  • 出版社相关作品

书目信息

  • 表格格式
  • 工作单格式
  • 卡片格式
题名:
国家与历史
    
 
作者: 波多野澄雄 著 ;马静 译
分册:  
出版信息: 北京   社会科学文献出版社  2016
页数: 11,191页
开本: 23cm
丛书名: 中日历史问题译丛
单 册:
中图分类: K313.5
科图分类:
主题词:
电子资源:
ISBN: 978-7-5201-0041-0
000 01049nam0 22002771 450
001 1760839844
005 20170619171916.0
010    @a978-7-5201-0041-0@dCNY55.00
100    @a20170217d2016 em y0chiy50 ea
101 1  @achi@cjpn
102    @aCN@b110000
105    @ay z 000yy
106    @ar
200 1  @a国家与历史@9guo jia yu li shi@e战后日本的历史问题@f(日)波多野澄雄著@g马静译
210    @a北京@c社会科学文献出版社@d2016
215    @a11,191页@d23cm
225 2  @a中日历史问题译丛@9zhong ri li shi wen ti yi cong
330    @a本书内容包括:东京审判与战犯释放;谁是“战争牺牲者”?——“国家赔偿”与战争赔偿;“殖民帝国”的清算——请求权与放弃国籍;靖国神社问题的国际化——中曾根正式参拜的挫折等。
461  0 @12001 @a中日历史问题译丛
517 1  @a战后日本的历史问题@9zhan hou ri ben de li shi wen ti
607    @a日本@Ari ben@x现代史@x研究
690    @aK313.5@v5
701  0 @c(日)@a波多野澄雄@9bo duo ye cheng xiong@4著
702  0 @a马静@9ma jing@4译
801  0 @aCN@b百万庄@c20170617
905    @b1013463-5@dK313.5@e66@f3
    
    国家与历史:战后日本的历史问题/(日)波多野澄雄著/马静译 .-北京:社会科学文献出版社,2016
    11,191页;23cm.-(中日历史问题译丛)
    
    
    ISBN 978-7-5201-0041-0:CNY55.00
    本书内容包括:东京审判与战犯释放;谁是“战争牺牲者”?——“国家赔偿”与战争赔偿;“殖民帝国”的清算——请求权与放弃国籍;靖国神社问题的国际化——中曾根正式参拜的挫折等。
●
相关链接 在E读中查询图书 在五车中查询图书 在当当中查询图书 在豆瓣中查询图书


正题名:国家与历史     索取号:K313.5/66         预约/预借

序号 登录号 条形码 馆藏地/架位号 状态 备注
1 1013463   210134638   第二样本阅览室/ [索取号:K313.5/66] 在馆    
2 1013464   210134647   第二借阅区/ [索取号:K313.5/66] 在馆    
3 1013465   210134656   教育系资料室/ [索取号:K313.5/66] 在馆    
唐山师范学院图书馆 欢迎您!
大连网信软件有限公司© 版权所有